| 000 | 00593nam a2200229 i 4500 | ||
|---|---|---|---|
| 001 | bg | ||
| 100 | 1 | _aTEOREY, Toby J. | |
| 245 | 1 | 0 |
_aDatabase modeling & design / _cToby J. Teorey. |
| 250 | _a3rd ed. | ||
| 260 |
_aSan Francisco : _bMorgan Kaufmann, _c1999. |
||
| 300 |
_aXVIII, 366 s. : _brys. ; _c24 cm. |
||
| 504 | _aBibliogr. s. 323-345. | ||
| 650 | 9 | _aBaza danych relacyjna | |
| 655 | _aPodręczniki | ||
| 020 | _a1558605002 | ||
| 040 | _cBPK | ||
| 041 | 0 | _apl | |
| 080 | _a004.65(07) | ||
| 920 | _a1-55860-500-2 | ||
| 942 | _cKS | ||
| 008 | s pl f |000 0 pol | ||
| 999 |
_c34647 _d34647 |
||
| 856 |
_uhttp://koha.tu.koszalin.pl/cgi-bin/koha/opac-detail.pl?biblionumber=34647 _yKatalog online BPK |
||